000 00670nam a2200241 a 4500
001 0001-1000
003 ELIB.Books
008 141016 2010 eng
020 _aKBTS
035 _a(ELIB.Books)0001-1154
092 _a242.2
_bWhi
100 _aWhite, Ellen G.
245 _aChrist Triumphant
_bDevotional Meditations on the Great Controversy Story
260 _aHagerstown
_bReview and Herald Publishing Association
_c1999
300 _a372
_c22.2 Cm
500 _aDr. Yahalaylayla
650 _aDevotional
856 _nKBTS; Library
_uKBTS; Elib.
942 _2ddc
_cBK
990 _a1
998 _cbat
_e2014-10-16
999 _c11000
_d11000